<?xml version="1.0" encoding="UTF-8"?>
<collection xmlns="http://www.loc.gov/MARC21/slim">
 <record>
  <leader>01470nam a22003374a 4500</leader>
  <controlfield tag="001">33338</controlfield>
  <controlfield tag="003">BD-DhAAL</controlfield>
  <controlfield tag="005">20180714164253.0</controlfield>
  <controlfield tag="008">180714t2004    scua     b    001 0 eng  </controlfield>
  <datafield tag="999" ind1=" " ind2=" ">
   <subfield code="c">39749</subfield>
   <subfield code="d">39749</subfield>
  </datafield>
  <datafield tag="010" ind1=" " ind2=" ">
   <subfield code="a">  2004003488</subfield>
  </datafield>
  <datafield tag="020" ind1=" " ind2=" ">
   <subfield code="a">157003544X (cloth : alk. paper)</subfield>
  </datafield>
  <datafield tag="020" ind1=" " ind2=" ">
   <subfield code="a">9781570035449</subfield>
  </datafield>
  <datafield tag="040" ind1=" " ind2=" ">
   <subfield code="a">DLC</subfield>
   <subfield code="c">DLC</subfield>
   <subfield code="d">DLC</subfield>
   <subfield code="d">BD-DhAAL</subfield>
  </datafield>
  <datafield tag="042" ind1=" " ind2=" ">
   <subfield code="a">pcc</subfield>
  </datafield>
  <datafield tag="050" ind1="0" ind2="0">
   <subfield code="a">HT169.I52</subfield>
   <subfield code="b">G265 2004</subfield>
  </datafield>
  <datafield tag="082" ind1="0" ind2="0">
   <subfield code="a">307.1216095475</subfield>
   <subfield code="2">22</subfield>
  </datafield>
  <datafield tag="100" ind1="1" ind2=" ">
   <subfield code="a">Kalia, Ravi.</subfield>
   <subfield code="9">27202</subfield>
  </datafield>
  <datafield tag="245" ind1="1" ind2="0">
   <subfield code="a">Gandhinagar :</subfield>
   <subfield code="b">building national identity in postcolonial India /</subfield>
   <subfield code="c">Ravi Kalia.</subfield>
  </datafield>
  <datafield tag="260" ind1=" " ind2=" ">
   <subfield code="a">Columbia, SC :</subfield>
   <subfield code="b">University of South Carolina Press,</subfield>
   <subfield code="c">c2004.</subfield>
  </datafield>
  <datafield tag="300" ind1=" " ind2=" ">
   <subfield code="a">xiv, 165 pages :</subfield>
   <subfield code="b">illustrations ;</subfield>
   <subfield code="c">24 cm.</subfield>
  </datafield>
  <datafield tag="504" ind1=" " ind2=" ">
   <subfield code="a">Includes bibliographical references and index.</subfield>
  </datafield>
  <datafield tag="505" ind1="0" ind2=" ">
   <subfield code="a">The making of the Gujarat state -- The politics of site -- The Kahn seminar in Ahmedabad -- The plan and architecture.</subfield>
  </datafield>
  <datafield tag="526" ind1=" " ind2=" ">
   <subfield code="a">ARC</subfield>
  </datafield>
  <datafield tag="541" ind1=" " ind2=" ">
   <subfield code="e">33338</subfield>
  </datafield>
  <datafield tag="650" ind1=" " ind2="0">
   <subfield code="a">City planning</subfield>
   <subfield code="z">India</subfield>
   <subfield code="z">Gāndhīnagar.</subfield>
   <subfield code="9">27203</subfield>
  </datafield>
  <datafield tag="650" ind1=" " ind2="0">
   <subfield code="a">Urban policy</subfield>
   <subfield code="z">India.</subfield>
   <subfield code="9">27204</subfield>
  </datafield>
  <datafield tag="651" ind1=" " ind2="0">
   <subfield code="a">Gāndhīnagar (India)</subfield>
   <subfield code="x">Social conditions.</subfield>
   <subfield code="9">27205</subfield>
  </datafield>
  <datafield tag="852" ind1=" " ind2=" ">
   <subfield code="a">Department of Architecture</subfield>
   <subfield code="c">General Stacks</subfield>
  </datafield>
  <datafield tag="942" ind1=" " ind2=" ">
   <subfield code="2">ddc</subfield>
   <subfield code="c">BK</subfield>
  </datafield>
  <datafield tag="952" ind1=" " ind2=" ">
   <subfield code="0">0</subfield>
   <subfield code="1">1</subfield>
   <subfield code="2">ddc</subfield>
   <subfield code="4">0</subfield>
   <subfield code="6">307_121609547500000_KAL</subfield>
   <subfield code="7">0</subfield>
   <subfield code="9">63777</subfield>
   <subfield code="a">ARC</subfield>
   <subfield code="b">ARC</subfield>
   <subfield code="c">GEN</subfield>
   <subfield code="d">2018-07-14</subfield>
   <subfield code="l">0</subfield>
   <subfield code="o">307.1216095475 KAL</subfield>
   <subfield code="p">3010033338</subfield>
   <subfield code="r">2018-07-14</subfield>
   <subfield code="t">1</subfield>
   <subfield code="w">2018-07-14</subfield>
   <subfield code="y">BK</subfield>
   <subfield code="x">lost from the ARC department library and approved by the Dean (reasons personal books withdrawn by Hasibul Kabir Sir and Building shifting)</subfield>
  </datafield>
 </record>
</collection>
